Most Common First Two Letters of World Capitals - Statistics

General Stats
  • This quiz has been taken 218 times
  • The average score is 11 of 16
Answer Stats
# of capitals 2 letter beginning % Correct
8 Sa
91%
6 Be
88%
6 Mo
88%
9 Ma
87%
8 Ba
82%
4 Ca
80%
4 Pa
71%
4 Li
70%
5 Br
69%
4 Bu
68%
7 Po
68%
4 Ta
66%
5 Ki
52%
4 Pr
44%
4 As
42%
4 Vi
40%
No matching quizzes found
Score Distribution
Percent of People with Each Score
Percentile by Number Answered
Your Score History
You have not taken this quiz